LEADER 01247cam0-2200337---450- 001 990004324070403321 005 20141015100434.0 035 $a000432407 035 $aFED01000432407 035 $a(Aleph)000432407FED01 035 $a000432407 100 $a19990604d1981----km-y0itay50------ba 101 0 $afre 102 $aGR 105 $ay---b---001yy 200 1 $aInventaire des documents des archives de la Chambre de commerce de Marseille$eLemme Salonique (XVII-XVIII siècles)$fDémocratie Iliadou 210 $aThessaloniki$cInstitute for balkan studies$d1981 215 $aXIV, 220 p.$d24 cm 225 1 $aInstitute for Balkan studies$v160 610 0 $aChambre de commerce et d'industrie $aArchivi 610 0 $aTessalonica $aCommercio estero$aFrancia$aSec. 17-18.$aFonti$aCataloghi 610 0 $aFrancia$aCommercio estero$aTessalonica $aSec. 17.18.$aFonti$aCataloghi 676 $a382.0944 702 1$aIliadou,$bDémocratie 801 0$aIT$bUNINA$gRICA$2UNIMARC 901 $aBK 912 $a990004324070403321 952 $a382.094 ILI 1$bBibl. 54865$fFLFBC 959 $aFLFBC 996 $aInventaire des documents des archives de la Chambre de commerce de Marseille$9487370 997 $aUNINA LEADER 01040cam--2200349---450 001 990001815600203316 005 20220726120547.0 035 $a000181560 035 $aUSA01000181560 035 $a(ALEPH)000181560USA01 035 $a000181560 100 $a20040702d1944----km-y0itay5003----ba 101 $aita 102 $aGB 105 $a||||||||001yy 200 1 $aOrizzonti di pace$ecinque discorsi$fdi Herbert Morrison 210 $a[Cambridge?]$cCambridge University Press$d1944 215 $a48 p.$d18 cm 225 2 $aOrientamenti 410 0$12001$aOrientamenti 606 0 $aPolitica$yGran Bretagna$z1942-1943$2BNCF 676 $a941.084 700 1$aMORRISON,$bHerbert Stanley$c$01251474 801 0$aIT$bsalbc$gISBD 912 $a990001815600203316 951 $aXIV Misc..9-10. 103(III E 1548)$b60821 L.M.$cXIV Misc..$d513008 951 $aXV.2.B. 85$b2732 F.C.$cXV.2.B.$d00292539 959 $aBK 969 $aUMA 969 $aCUOMO 996 $aOrizzonti di pace$92900884 997 $aUNISA